Vila tajemství /
Další autorčina románová variace na téma pátrání po rodinných tajemstvích, spojeného s osudovými mezníky v milostném životě hlavní hrdinky.
Uloženo v:
| Série: | Ostrov tajemství,
část 2 |
|---|---|
| Hlavní autor: | |
| Další autoři: | |
| Médium: | Kniha |
| Jazyk: | Czech |
| Vydáno: |
V Brně :
CPress,
2026
|
| Vydání: | 1. vydání |
| Témata: | |
| Celkem bylo vypůjčeno: | 0x |
| Příbuzné jednotky: | Z cyklu::
Ostrov tajemství |
| Tagy: |
Žádné tagy |
| LEADER | 02130nam a2200421 i 4500 | ||
|---|---|---|---|
| 001 | 106358 | ||
| 003 | CZ PrSKC | ||
| 005 | 20260514104510.0 | ||
| 007 | ta | ||
| 008 | 260427s2026 xr g 000 f cze | ||
| 015 | |a cnb003754557 | ||
| 020 | |a 9788026459101 |q (vázáno) : |c Kč 499,00 | ||
| 040 | |a ABG001 |b cze |e rda | ||
| 041 | 1 | |a cze |h eng | |
| 072 | 7 | |a 821.111-3 |x Anglická próza, anglicky psaná |2 Konspekt |9 25 | |
| 080 | |a 821.111-31 |2 MRF | ||
| 080 | |a (0:82-31)-055.2 |2 MRF | ||
| 100 | 1 | |a Wilson, Patricia, |d 1929-2005 |7 xx0052175 |4 aut |9 117357 | |
| 240 | 1 | 0 | |a Villa of secrets. |l Česky |
| 245 | 1 | 0 | |a Vila tajemství / |c Patricia Wilsonová ; z anglického originálu Villa of secrets ... přeložila Eva Kadlecová |
| 250 | |a 1. vydání | ||
| 264 | 1 | |a V Brně : |b CPress, |c 2026 | |
| 300 | |a 414 stran ; |c 22 cm | ||
| 336 | |a text |b txt |2 rdacontent | ||
| 337 | |a bez média |b n |2 rdamedia | ||
| 338 | |a svazek |b nc |2 rdacarrier | ||
| 520 | 2 | |a Další autorčina románová variace na téma pátrání po rodinných tajemstvích, spojeného s osudovými mezníky v milostném životě hlavní hrdinky. |b Manželství Rebeccy Neumannerové se hroutí, protože touha stát se matkou přerostla v posedlost. Když je povolána zpět na rodný Rhodos, zjišťuje, jak málo ví o babičce, která celý život mlčela o událostech roku 1944. Mohla mít krev na rukou? Rebecca se na Rhodos vrací ve chvíli, kdy sama touží začít znovu -- a netuší, že právě teď se má otevřít pravda, která rodinu formovala celé generace. Nakladatelská anotace. | |
| 655 | 7 | |a anglické romány |7 fd131814 |2 czenas |9 53421 | |
| 655 | 7 | |a romány pro ženy |7 fd187897 |2 czenas |9 115 | |
| 655 | 9 | |a English fiction |2 eczenas | |
| 655 | 9 | |a women's novels |2 eczenas | |
| 700 | 1 | |a Kadlecová, Eva, |d 1984- |7 xx0103153 |4 trl |9 28362 | |
| 710 | 2 | |a CPress (nakladatelství) |7 ko2016932359 |4 pbl |9 117184 | |
| 787 | 0 | 8 | |i Z cyklu: |t Ostrov tajemství |g 2 |
| 910 | |a UOG502 | ||
| 942 | |2 ddc |c KN | ||
| 999 | |d 106358 | ||
| 993 | |0 0 |1 421180107079 |2 ddc |4 0 |7 0 |9 99741 |b 0 |c 107079 |d 2026-05-14 |e 0 |f DOSP |h 499.00 |i Koupě |l DOSP |r 2026-05-14 |t 6 |w 2026-05-14 |y KN |z BELET |n | ||